| 000 | 00633 a2200193 4500 | ||
|---|---|---|---|
| 999 |
_c3243 _d3243 |
||
| 020 | _a9780199684557 | ||
| 020 | _a9780199684557 | ||
| 050 | 0 | 0 | _aKD404 STR 2014 |
| 100 | 1 |
_aStrong, Stacie, _eauthor. |
|
| 245 | 1 | 0 |
_aHow to write law essays & exams / _cS.I. Strong, P and JD (Duke) |
| 250 | _aFourth edition. | ||
| 264 | 1 |
_aOxford, United Kingdom : _bOxford University Press, _c2014 |
|
| 300 | _ax, 280 pages ; | ||
| 500 | _aIncludes index. | ||
| 650 | 0 | _aLegal composition. | |
| 650 | 0 |
_aLaw _xLanguage. |
|
| 856 | 4 | 1 |
_3Table of contents only _uhttp://www.loc.gov/catdir/toc/fy16pdf02/2014940646.html |
| 942 |
_2lcc _cBK _h404 _iSTR _kKD |
||